[Event "ESP-ch U20"]
[Site "?"]
[Date "2003.06.22"]
[Round "1.3"]
[White "Lopez Rodriguez Walter"]
[Black "Fernandez Romero Ernesto"]
[Result "0-1"]
[WhiteElo "2073"]
[BlackElo "2434"]
[PlyCount "36"]
[EventDate "2003.??.??"]
[Source "www.chesslib.no"]
[SourceDate "2004.05.04"]

1. e4 c5 2. Nf3 Nc6 3. d4 cxd4 4. Nxd4 Nf6 5. Nc3 d6 6. Be2 Nxd4 7. Qxd4 g6 8. Bg5 Bg7 9. O-O-O O-O 10. Qd2 Be6 11. Kb1 Rc8 12. Bh4 Qb6 13. Na4 Qc6 14. Nc3 Nxe4 15. Nxe4 Qxe4 16. Bf3 Qa4 17. b3 Qa3 18. c4 Bf5+ 0-1

[Event "FRA-ch U20"]
[Site "FRA"]
[Date "1999.??.??"]
[Round "?"]
[White "Roser, Kevin"]
[Black "Perrin, Guillaume"]
[Result "1-0"]
[WhiteElo "2319"]
[BlackElo "2150"]
[PlyCount "74"]
[EventDate "1999.04.??"]
[Source "www.chesslib.no"]
[SourceDate "2004.05.04"]

1. e4 c5 2. Nf3 Nc6 3. d4 cxd4 4. Nxd4 Nf6 5. Nc3 d6 6. Be2 Bd7 7. Bg5 Qa5 8. Bxf6 gxf6 9. O-O h5 10. Nd5 h4 11. h3 Rc8 12. Nf5 Qd8 13. Nde3 Ne5 14. Kh1 Bc6 15. f4 Ng6 16. Bd3 e6 17. Nd4 Bh6 18. Nxe6 fxe6 19. Qh5 Kd7 20. Qxg6 Qe7 21. Qg4 Rcg8 22. Qe2 Kc7 23. b4 b6 24. a4 f5 25. exf5 Rg3 26. a5 Ra8 27. axb6+ axb6 28. Rxa8 Bxa8 29. Ra1 Bb7 30. Be4 d5 31. Bf3 Qxb4 32. fxe6 Qd4 33. Rd1 Qxf4 34. Nxd5+ Bxd5 35. Bxd5 Re3 36. Qb5 Qd6 37. Ra1 Qc5 1-0

[Event "TCh-ISL 2004-5"]
[Site "?"]
[Date "2004.11.20"]
[Round "2"]
[White "Briem Stefan"]
[Black "Kjartansson David"]
[Result "1-0"]
[WhiteElo "2185"]
[BlackElo "2279"]
[PlyCount "75"]
[EventDate "2004.??.??"]
[Source "www.chesslib.no"]
[SourceDate "2004.05.04"]

1. e4 c5 2. Nf3 d6 3. d4 cxd4 4. Nxd4 Nf6 5. Nc3 Nc6 6. Be2 Bd7 7. O-O Rc8 8. Be3 a6 9. Qd2 b5 10. a3 Na5 11. f3 e6 12. g4 h6 13. Rad1 Be7 14. Qe1 Qc7 15. Qf2 Qb7 16. Bd3 Nc4 17. Bxc4 Rxc4 18. Nb1 Qb8 19. Nd2 Rc8 20. N2b3 g6 21. c3 e5 22. Nc2 Be6 23. Nd2 d5 24. exd5 Bxd5 25. Nb4 Bb7 26. Ne4 Kf8 27. Nxf6 Bxf6 28. Nd5 Bxd5 29. Rxd5 Qb7 30. Rfd1 Kg7 31. R1d3 Qe7 32. Rd7 Qe8 33. R3d5 Rc6 34. Qc2 Qe6 35. Qd3 Rhc8 36. R5d6 Qb3 37. Qd5 Rxd6 38. Rxf7+ 1-0

[Event "It (Open) Nantes FRA"]
[Site "?"]
[Date "2005.12.30"]
[Round "7"]
[White "Fruteau Sabine"]
[Black "Berthelot Yannick"]
[Result "0-1"]
[WhiteElo "2151"]
[BlackElo "2307"]
[PlyCount "100"]
[EventDate "2005.??.??"]
[Source "www.chesslib.no"]
[SourceDate "2004.05.04"]

1. e4 c5 2. Nf3 Nc6 3. d4 cxd4 4. Nxd4 Nf6 5. Nc3 d6 6. Be2 Nxd4 7. Qxd4 g6 8. O-O Bg7 9. Be3 O-O 10. Qd2 Be6 11. Bd4 Qc7 12. Rfd1 Rfc8 13. a4 Nd7 14. Bxg7 Kxg7 15. Qd4+ Kg8 16. Bd3 Qc5 17. Ne2 Ne5 18. Qxc5 Rxc5 19. b4 Rc7 20. Nd4 Bc4 21. Bf1 Bxf1 22. Kxf1 Rc4 23. b5 Rac8 24. Ra3 f6 25. f3 Nf7 26. a5 e5 27. a6 Rxd4 28. Rxd4 exd4 29. axb7 Rb8 30. Rxa7 Kg7 31. Ke2 Ne5 32. f4 Nd7 33. Kd3 Kf7 34. Kxd4 Ke6 35. f5+ gxf5 36. exf5+ Ke7 37. Kd5 Ne5 38. c4 h6 39. Ra6 Nf7 40. Ra8 Rxb7 41. Kc6 Rd7 42. b6 Ne5+ 43. Kb5 d5 44. c5 d4 45. Ra2 d3 46. Rd2 Kd8 47. Ka6 Kc8 48. g4 Kb8 49. h3 Rd5 50. Kb5 Kb7 0-1

[Event "EU-ch U16"]
[Site "Mureck"]
[Date "1998.??.??"]
[Round "9"]
[White "Le Roux, Jean Pierre"]
[Black "Kuemin, Simon"]
[Result "1-0"]
[WhiteElo "2260"]
[BlackElo "2195"]
[PlyCount "56"]
[EventDate "1998.07.08"]
[Source "ChessBase"]
[SourceDate "1998.09.09"]

1. e4 c5 2. Nf3 d6 3. d4 cxd4 4. Nxd4 Nf6 5. Nc3 Nc6 6. Be2 Nxd4 7. Qxd4 g6 8. O-O Bg7 9. Bg5 O-O 10. Qd2 Bd7 11. Rfe1 Rc8 12. Bf3 b5 13. a3 Rxc3 14. bxc3 Ng4 15. Bxg4 Bxg4 16. Bh6 Bxh6 17. Qxh6 Qa5 18. Qg5 Be6 19. Qxe7 Qxc3 20. Qxa7 Qxc2 21. Qd4 Qc5 22. Qd2 Ra8 23. Re3 Ra4 24. Rc1 Bc4 25. Qc3 Ra8 26. h3 d5 27. exd5 Qxd5 28. a4 Qc6 1-0

[Event "EU-ch U16 Girls"]
[Site "Mureck"]
[Date "1998.??.??"]
[Round "4"]
[White "Romanova, Ekaterina"]
[Black "Matnadze, Ana"]
[Result "0-1"]
[WhiteElo "2170"]
[BlackElo "2280"]
[PlyCount "116"]
[EventDate "1998.07.08"]
[Source "ChessBase"]
[SourceDate "1998.09.09"]

1. e4 c5 2. Nf3 d6 3. d4 cxd4 4. Nxd4 Nf6 5. Nc3 Nc6 6. Be2 Nxd4 7. Qxd4 g6 8. Bg5 Bg7 9. O-O O-O 10. Rad1 Be6 11. Qd2 Rc8 12. Bf3 Qb6 13. Rb1 Qc7 14. Rbc1 b5 15. a3 a6 16. Rfe1 Rfe8 17. Ne2 Nd7 18. Nd4 Ne5 19. Be2 Bd7 20. b3 Qb7 21. Bf1 Qb6 22. c3 Qa5 23. Qb2 h6 24. Bd2 Qb6 25. h3 Qb7 26. Bf4 Rc5 27. Qd2 Rec8 28. Rc2 Kh7 29. g3 Be8 30. Bg2 Qb8 31. Be3 R5c7 32. f4 Nd7 33. f5 g5 34. Rec1 Nc5 35. Rb1 Nd7 36. Rbc1 Ne5 37. Qe2 a5 38. Bf1 Rb7 39. Qh5 Rbc7 40. Qe2 Rb7 41. Qd2 Rbc7 42. g4 Rd8 43. c4 bxc4 44. Bxc4 a4 45. b4 Nxc4 46. Rxc4 Rxc4 47. Rxc4 d5 48. exd5 Qg3+ 49. Kf1 Qxh3+ 50. Ke1 Rxd5 51. Qe2 Qh1+ 52. Kf2 Qh2+ 53. Ke1 Qg3+ 54. Bf2 Qxa3 55. f6 Qa1+ 56. Kd2 Qb2+ 57. Kd1 Qxe2+ 58. Kxe2 Bxf6 0-1

[Event "EU-ch U20 Girls"]
[Site "Patras"]
[Date "2001.07.16"]
[Round "1"]
[White "Machalova, Veronika"]
[Black "Matnadze, Ana"]
[Result "0-1"]
[WhiteElo "2117"]
[BlackElo "2327"]
[PlyCount "120"]
[EventDate "2001.07.16"]
[Source "ChessBase"]
[SourceDate "2001.09.11"]

1. e4 c5 2. Nf3 d6 3. d4 cxd4 4. Nxd4 Nf6 5. Nc3 Nc6 6. Be2 Nxd4 7. Qxd4 g6 8. O-O Bg7 9. Be3 O-O 10. Qd2 Be6 11. Rad1 a6 12. f4 Qc8 13. h3 b5 14. a3 Rd8 15. Bf3 Bc4 16. Rfe1 e5 17. Qf2 a5 18. fxe5 dxe5 19. Rxd8+ Qxd8 20. b3 b4 21. Na4 Bb5 22. Nb6 Rb8 23. axb4 axb4 24. Rd1 Qe8 25. Nd5 Nxd5 26. Rxd5 Bc6 27. Rd1 Rc8 28. Qd2 Qe7 29. Qf2 Bf8 30. Kh1 Qb7 31. Rf1 Ra8 32. h4 Bb5 33. Rd1 Bc6 34. Rf1 Bg7 35. h5 h6 36. hxg6 fxg6 37. Qh4 g5 38. Qg4 Qc8 39. Qxc8+ Rxc8 40. Re1 Bd7 41. Rd1 Be6 42. Rd2 g4 43. Be2 h5 44. Bd3 g3 45. Rd1 Bf6 46. Ra1 Kf7 47. Ra7+ Kg6 48. Ra6 Bg4 49. Kg1 Bd1 50. Ra2 Rc6 51. Kf1 Bg5 52. Bxg5 Kxg5 53. Ke1 Bg4 54. Ra5 Kf4 55. Kd2 Bf3 56. Ra8 Bxg2 57. Rg8 Rf6 58. Be2 Bf3 59. Rg7 h4 60. Ke1 Ke3 0-1

[Event "URU-ch"]
[Site "Montevideo"]
[Date "2000.04.18"]
[Round "4"]
[White "Braso, Jorge"]
[Black "Martinez, Miguel2"]
[Result "1/2-1/2"]
[WhiteElo "2265"]
[BlackElo "2174"]
[PlyCount "116"]
[EventDate "2000.04.15"]
[Source "ChessBase"]
[SourceDate "2000.05.11"]

1. e4 c5 2. Nf3 Nc6 3. d4 cxd4 4. Nxd4 Nf6 5. Nc3 d6 6. Be2 Bd7 7. Bg5 Rc8 8. Nb3 a6 9. O-O e6 10. Be3 Be7 11. f4 O-O 12. Qe1 Qc7 13. Rd1 b5 14. a3 Kh8 15. Qg3 Na5 16. e5 dxe5 17. fxe5 Nd5 18. Nxd5 exd5 19. Nxa5 Qxa5 20. Rxd5 Be6 21. Rd2 Rc6 22. Bd3 Qc7 23. Rdf2 Qd8 24. Qf3 Rc8 25. Qe4 g6 26. Kh1 Qd5 27. Qf4 Rfd8 28. Qh6 Bf8 29. Qh4 Kg8 30. Bg5 Rd7 31. Bf6 Qd4 32. Qxd4 Rxd4 33. Rf4 Rxf4 34. Rxf4 Bh6 35. Rf1 Rc7 36. h3 Rd7 37. Kh2 Be3 38. Kg3 Bd4 39. b3 Rc7 40. Rd1 Rc3 41. Kf4 Bb6 42. g4 h6 43. h4 Rc8 44. a4 bxa4 45. bxa4 a5 46. Rb1 Bc5 47. Rb7 Bb4 48. g5 Bd2+ 49. Ke4 h5 50. Rb1 Bd7 51. Bb5 Bf5+ 52. Kf3 Bxc2 53. Rb2 Bc1 54. Ra2 Bf5 55. Kf2 Be6 56. Re2 Ba3 57. Rd2 Bb4 58. Rd8+ Rxd8 1/2-1/2

[Event "Barcelone (open)"]
[Site "?"]
[Date "2003.12.21"]
[Round "2"]
[White "Alsina Leal Daniel"]
[Black "Aloma Vidal Roberto"]
[Result "1-0"]
[WhiteElo "2237"]
[BlackElo "2191"]
[PlyCount "93"]
[EventDate "2003.??.??"]
[Source "www.chesslib.no"]
[SourceDate "2004.05.04"]

1. e4 c5 2. Nf3 d6 3. d4 cxd4 4. Nxd4 Nf6 5. Nc3 Nc6 6. Be2 Nxd4 7. Qxd4 g6 8. Bg5 Bg7 9. O-O-O O-O 10. Qd2 Be6 11. Bh6 Rc8 12. Bxg7 Kxg7 13. f3 Qa5 14. a3 Rc5 15. Bd3 Rfc8 16. Ne2 Qa4 17. Kb1 b5 18. Qb4 Qa6 19. Nd4 Bc4 20. Rc1 Qb6 21. Nb3 Bxb3 22. Qxb3 a5 23. a4 b4 24. Bb5 Qc7 25. Rhd1 d5 26. exd5 Qxh2 27. Rd2 Qf4 28. Rcd1 Rd8 29. Rd4 Qg5 30. g4 Rd6 31. Bc4 Rc8 32. Qd3 Rcd8 33. Qe2 e6 34. Bb3 h6 35. Qb5 Nxd5 36. Ka1 Qf6 37. Bxd5 exd5 38. Rxd5 Rxd5 39. Rxd5 Rc8 40. Qe2 Qb6 41. Ka2 Rc6 42. Qe5+ Kh7 43. Rb5 Qd8 44. Rxa5 Rxc2 45. Rb5 Qd3 46. Rxb4 Qxf3 47. Rb8 1-0

[Event "CZE Tschechien Ch"]
[Site "Prague CZE"]
[Date "1995.??.??"]
[Round "?"]
[White "Taborsky, Rostislav"]
[Black "Gross, Stefan"]
[Result "0-1"]
[WhiteElo "2055"]
[BlackElo "2370"]
[PlyCount "66"]
[EventDate "1995.??.??"]
[Source "www.chesslib.no"]
[SourceDate "2004.05.04"]

1. e4 c5 2. Nf3 d6 3. d4 cxd4 4. Nxd4 Nf6 5. Nc3 Nc6 6. Be2 Qb6 7. Nb3 e6 8. O-O Be7 9. Be3 Qc7 10. f4 a6 11. a4 b6 12. Qe1 O-O 13. Rd1 Nb4 14. Qf2 Rb8 15. Bf3 Bd7 16. g4 d5 17. e5 Ne4 18. Bxe4 dxe4 19. f5 f6 20. Bxb6 Rxb6 21. Rxd7 Qxd7 22. Qxb6 exf5 23. e6 Qc8 24. gxf5 Qc4 25. Rd1 Nxc2 26. Nd5 Bd8 27. Qxd8 Rxd8 28. Nxf6+ Kf8 29. Rxd8+ Ke7 30. Rd7+ Kxf6 31. Rf7+ Ke5 32. Nd2 Qd4+ 33. Kg2 Qxd2+ 0-1

[Event "IV Open"]
[Site "Calvia ESP"]
[Date "2007.10.15"]
[Round "1"]
[White "Larsson, D."]
[Black "Fernandez Romero, Ern"]
[Result "0-1"]
[WhiteElo "1962"]
[BlackElo "2459"]
[PlyCount "44"]
[EventDate "2007.10.15"]
[Source "www.chesslib.no"]
[SourceDate "2004.05.04"]

1. e4 c5 2. Nf3 Nc6 3. d4 cxd4 4. Nxd4 Nf6 5. Nc3 d6 6. Be2 Nxd4 7. Qxd4 g6 8. Be3 Bg7 9. f3 O-O 10. Qd2 Be6 11. O-O a6 12. Kh1 b5 13. Rac1 Re8 14. Nd5 Bxd5 15. exd5 Qd7 16. c4 e6 17. dxe6 Qxe6 18. Rc3 Ng4 19. fxg4 Bxc3 20. Qxc3 Qxe3 21. Qf6 Ra7 22. Bf3 Qf2 0-1

[Event "HUN-chT3"]
[Site "HUN"]
[Date "1991.??.??"]
[Round "?"]
[White "Fekete, Janos"]
[Black "Gal, Karoly"]
[Result "1/2-1/2"]
[WhiteElo "2240"]
[BlackElo "2170"]
[PlyCount "31"]
[EventDate "1991.??.??"]
[Source "www.chesslib.no"]
[SourceDate "2004.05.04"]

1. e4 c5 2. Nf3 d6 3. d4 cxd4 4. Nxd4 Nc6 5. Nc3 Nf6 6. Be2 Bd7 7. Nb3 g6 8. Be3 Bg7 9. f3 a6 10. Na4 b5 11. Nb6 Rb8 12. Nxd7 Nxd7 13. Rb1 O-O 14. O-O Qc7 15. Qd2 Nb6 16. c3 1/2-1/2

[Event "EU-chJM U16"]
[Site "Tallinn"]
[Date "1997.??.??"]
[Round "4"]
[White "Ardeleanu, George Catalin"]
[Black "Fernandez, Ernesto"]
[Result "1/2-1/2"]
[WhiteElo "2235"]
[BlackElo "2135"]
[PlyCount "57"]
[EventDate "1997.??.??"]
[Source "www.chesslib.no"]
[SourceDate "2004.05.04"]

1. e4 c5 2. Nf3 Nc6 3. d4 cxd4 4. Nxd4 Nf6 5. Nc3 d6 6. Be2 Nxd4 7. Qxd4 g6 8. Be3 Bg7 9. Qd2 O-O 10. O-O-O Be6 11. h4 Qa5 12. h5 Nxe4 13. Nxe4 Bxb2+ 14. Kxb2 Qxa2+ 15. Kc3 Rfc8+ 16. Bc5 Qa3+ 17. Kd4 dxc5+ 18. Ke5 Qb2+ 19. Qc3 Qb6 20. Kf4 c4 21. Kg3 Qc7+ 22. f4 Bf5 23. hxg6 Bxe4 24. gxh7+ Bxh7 25. Rxh7 Kxh7 26. Rh1+ Kg6 27. Bh5+ Kf5 28. Bg4+ Kg6 29. Bh5+ 1/2-1/2

[Event "Vlissingen HZ op"]
[Site "Vlissingen"]
[Date "2001.08.04"]
[Round "9"]
[White "Michiels, Bart"]
[Black "Lucas, Flavien"]
[Result "1/2-1/2"]
[WhiteElo "2113"]
[BlackElo "2240"]
[PlyCount "137"]
[EventDate "2001.07.28"]
[Source "ChessBase"]
[SourceDate "2001.09.11"]

1. e4 c5 2. Nf3 d6 3. d4 cxd4 4. Nxd4 Nf6 5. Nc3 Nc6 6. Be2 Nxd4 7. Qxd4 g6 8. Bb5+ Bd7 9. Bxd7+ Qxd7 10. Bg5 Bg7 11. Nd5 O-O 12. Bxf6 exf6 13. Nxf6+ Bxf6 14. Qxf6 Qc6 15. O-O Qxe4 16. Rad1 Qxc2 17. Rxd6 Qc4 18. a3 Rac8 19. Rfd1 Qb3 20. h4 Rc6 21. R1d2 Rxd6 22. Rxd6 h5 23. Rd7 a6 24. g3 Re8 25. Kg2 a5 26. Qf3 Qxf3+ 27. Kxf3 b5 28. Rd5 Rb8 29. Ke4 a4 30. Rd4 Rc8 31. Kd3 Rc5 32. Rd7 Kg7 33. Rb7 Kf6 34. f4 Ke6 35. Kd4 Rf5 36. Kc3 Kd6 37. Kb4 Kc6 38. Re7 Kb6 39. Rd7 Kc6 40. Re7 Kb6 41. Re8 Ka6 42. Ra8+ Kb6 43. Rf8 Ka6 44. Rb8 Rd5 45. Kc3 Ka7 46. Rf8 Rf5 47. Kd4 Kb6 48. Rc8 Rf6 49. Rc5 Rd6+ 50. Rd5 Rc6 51. Rd7 Rc2 52. Rxf7 Rxb2 53. Rf6+ Ka5 54. Rxg6 Rb3 55. f5 Rxa3 56. g4 Rf3 57. Ke4 hxg4 58. Rxg4 Rf1 59. h5 a3 60. Rg8 b4 61. h6 b3 62. h7 Rh1 63. h8=Q Rxh8 64. Rxh8 b2 65. Kd4 a2 66. Kc5 Ka6 67. Kc6 Ka7 68. Rh7+ Ka8 69. Rh8+ 1/2-1/2

[Event "Slovakia"]
[Site "?"]
[Date "2003.??.??"]
[Round "3"]
[White "Godula Martin"]
[Black "Blaho Stefan"]
[Result "1-0"]
[WhiteElo "2110"]
[BlackElo "2233"]
[PlyCount "68"]
[EventDate "2003.??.??"]
[Source "www.chesslib.no"]
[SourceDate "2004.05.04"]

1. e4 c5 2. Nf3 d6 3. d4 cxd4 4. Nxd4 Nf6 5. Nc3 Nc6 6. Be2 a6 7. O-O Qc7 8. Bg5 Nxd4 9. Qxd4 e5 10. Qd2 Be7 11. Rfd1 Be6 12. Bxf6 gxf6 13. Nd5 Bxd5 14. Qxd5 Qc6 15. Bc4 Qxd5 16. Bxd5 Rb8 17. Rd3 O-O 18. Rg3+ Kh8 19. Rd1 Rbc8 20. c3 Rc7 21. Rdd3 Bd8 22. Bb3 Rd7 23. Rdf3 Rg8 24. Rh3 Rg7 25. Rd3 Be7 26. Bd5 Rc7 27. a4 b5 28. axb5 axb5 29. b4 Rc8 30. Rhe3 Kg8 31. Re1 Rg5 32. Ra1 f5 33. exf5 Rxf5 34. Ra7 e4 1-0

[Event "Boeblingen"]
[Site "?"]
[Date "2001.12.28"]
[Round "4"]
[White "Eschle Hubert"]
[Black "Maedler Thomas"]
[Result "0-1"]
[WhiteElo "2035"]
[BlackElo "2266"]
[PlyCount "64"]
[EventDate "2001.??.??"]
[Source "www.chesslib.no"]
[SourceDate "2004.05.04"]

1. e4 c5 2. Nf3 d6 3. d4 cxd4 4. Nxd4 Nf6 5. Nc3 Nc6 6. Be2 Bd7 7. Be3 g6 8. f3 Bg7 9. Qd2 a6 10. Nb3 Rc8 11. g4 h6 12. Na4 Kf8 13. Nb6 Rb8 14. O-O-O Be6 15. Nd5 Bxd5 16. exd5 Ne5 17. Qb4 b5 18. Qf4 Qc8 19. Kb1 Nc4 20. Bd4 Kg8 21. Bc3 Na3+ 22. Kc1 b4 23. Rd3 bxc3 24. bxa3 Nd7 25. Re3 Bf6 26. h4 Rxb3 27. axb3 Qc5 28. b4 Qxd5 29. Bc4 Qd2+ 30. Kb1 d5 31. Rh2 Qd1+ 32. Ka2 Qc1 0-1

[Event "WYg18"]
[Site "Kemer TUR"]
[Date "2007.11.24"]
[Round "7"]
[White "Umudova, N."]
[Black "Zhorzholiani, M."]
[Result "1/2-1/2"]
[WhiteElo "2183"]
[BlackElo "2110"]
[PlyCount "110"]
[EventDate "2007.11.18"]
[Source "www.chesslib.no"]
[SourceDate "2004.05.04"]

1. e4 c5 2. Nf3 d6 3. d4 cxd4 4. Nxd4 Nf6 5. Nc3 Nc6 6. Be2 Nxd4 7. Qxd4 g6 8. Be3 Bg7 9. f3 O-O 10. Qd2 Be6 11. O-O-O Qa5 12. Kb1 Rfc8 13. Bd4 Rxc3 14. Qxc3 Qxa2+ 15. Kc1 Bh6+ 16. Be3 Rc8 17. Bxh6 Rxc3 18. bxc3 Nd7 19. Kd2 Nc5 20. Bd3 Bc4 21. Bxc4 Qxc4 22. Ra1 Na4 23. Ra3 b5 24. Rb1 f5 25. exf5 gxf5 26. Be3 a6 27. h3 f4 28. Bf2 e5 29. h4 d5 30. g3 fxg3 31. Bxg3 Qc5 32. Rab3 Nb6 33. Ke2 e4 34. Bf2 Qc4+ 35. Kd2 Na4 36. Rg1+ Kf7 37. fxe4 dxe4 38. Bd4 Ke6 39. Rbb1 Nxc3 40. Bxc3 e3+ 41. Kxe3 Qxc3+ 42. Kf4 Qxc2 43. Rge1+ Kf6 44. Kg4 Qc4+ 45. Kg3 Qd3+ 46. Kh2 Qd2+ 47. Kh3 Qc3+ 48. Kh2 Qc2+ 49. Kh3 Qc3+ 50. Kh2 a5 51. Rf1+ Ke6 52. Rfe1+ Kd5 53. Red1+ Ke4 54. Re1+ Kd5 55. Red1+ Ke4 1/2-1/2